Cadre des Investissements Du Droit International au Droit Congolais /

Bibliographic Details
Main Author: Kavira Muyisa, Sylvia
Format: eBook
Published: Pars̕: Éditions Universitaires Europěnes, 2019
Subjects:
Online Access:Acceso restringido

MARC

LEADER 00000nam a22000007a 4500
005 20191004235250.0
007 cr|||| ||||
008 191004s2019 fr |||||s|||| 00||0 fra d
020 |a 9786138475286 
035 |a 29327 
040 |a vLex 
090 |c 9723  |d 9723 
100 1 |a Kavira Muyisa, Sylvia 
245 1 0 |a Cadre des Investissements  |h [Recurso electrn̤ico] :  |b Du Droit International au Droit Congolais /  |c Sylvia Kavira Muyisa 
256 |a Servicio en ln̕ea 
260 |a Pars̕:  |b Éditions Universitaires Europěnes,  |c 2019 
300 |a 1 recurso electrn̤ico 
500 |a La rǧlementation des investissements est constituě de plusieurs cadres normatifs au niveau international, rǧional et local. Il n’est pas si ais ̌de parler directement du Droit des Investissements. Son existence est rčente en tant que branche distincte. La rǧlementation internationale des investissements est loin d’t̊re universelle. Les normes en matir̈e des investissements internationaux sont plus bilatřales, multilatřales rǧionalisěs, et dont certaines rg̈les consacrěs dans la pratique du commerce international depuis l’Antiquit ̌(la libre circulation, le traitement national, la dčlaration, la protection diplomatique,...). Et avec les vagues des indp̌endances en Afrique, en Amřique latine et en Asie, les circonstances ont concouru ̉la codification de certains principes substantiels de souverainet ̌et libertš des Etats ̉orienter le cadre des investissements selon les besoins nationaux. Avec la globalisation du march,̌ les partenaires aussi bien privš que publics ont convenu d’ľaborer, ̉travers l’ONU et les diffřentes chambres de commerce, des normes directes et indirectes.Sur le plan africain, nous avons aussi des cadres spčifiques, tout comme en RDC. 
506 1 |a Disponible solo en los productos indicados  |d vLex Global  |d vLex Global (Academic Edition, excluding Law Schools)  |d vLex Global (U.S. Academic Edition, Law Schools)  |d vLex Global (U.S. Academic Edition, excluding Law Schools)  |d vLex Global (Academic Edition, Law Schools) 
650 0 4 |a Derecho Mercantil y de la Empresa  |z Francia 
740 0 |a vLex Libros (Servicio en ln̕ea) 
856 4 0 |u http://vlex.com/source/29327  |z Acceso restringido 
942 |c BOOK 
999 0 |a Commercial and Business Law